000 00565nam a2200277Ia 4500
005 20260401122233.0
008 008 250103s9999 xx 000 0 eng d
020 _a582273757
037 _aTB
040 _aEDL
040 _beng
040 _cEDL
041 _2eng
041 _aeng
084 _a808.803 YOU
084 _qEDL
245 0 _aWriting and Race
260 _aLondon
260 _bLongman
260 _c1997
300 _a321p
942 _cTB
942 _h808.803 YOU
999 _c1845863
_d1845863